Statistics for Random Obscure City to Country Quiz - Yellow Box

Click here to take the quiz!

General Stats

  • This quiz has been taken 35 times
  • The average score is 9 of 16

Answer Stats

CityCountry% Correct
SaltaArgentina
100%
KhulnaBangladesh
100%
AjaccioFrance
100%
KasselGermany
100%
GunturIndia
100%
SolapurIndia
100%
MaduraiIndia
100%
SamarindaIndonesia
100%
AhvazIran
100%
QomIran
100%
Shah AlamMalaysia
100%
IpohMalaysia
100%
HamhungNorth Korea
100%
SukkurPakistan
100%
ChiclayoPeru
100%
KirovRussia
100%
TomskRussia
100%
BucheonSouth Korea
100%
NorrköpingSweden
100%
PattayaThailand
100%
KonyaTurkey
100%
RiminiItaly
67%
BallaratAustralia
50%
AntofagastaChile
50%
YulinChina
50%
TantaEgypt
50%
SakaiJapan
50%
ChimalhuacánMexico
50%
JosNigeria
50%
Hat YaiThailand
50%
KhersonUkraine
50%
MaracayVenezuela
50%
GoiâniaBrazil
33%
AqabaJordan
33%
UlsanSouth Korea
33%
TeresinaBrazil
0%
MaceióBrazil
0%
AbbotsfordCanada
0%
Ordos CityChina
0%
SipingChina
0%
SanyaChina
0%
IbaguéColombia
0%
CúcutaColombia
0%
KanangaD. R. Congo
0%
MansouraEgypt
0%
GondarEthiopia
0%
BesançonFrance
0%
ChemnitzGermany
0%
PatrasGreece
0%
GurgaonIndia
0%
BogorIndonesia
0%
DepokIndonesia
0%
RamadiIraq
0%
ChibaJapan
0%
TorreónMexico
0%
KadunaNigeria
0%
SargodhaPakistan
0%
AntipoloPhilippines
0%
AngelesPhilippines
0%
PasigPhilippines
0%
SibiuRomania
0%
BarnaulRussia
0%
AbhaSaudi Arabia
0%
East LondonSouth Africa
0%
GijónSpain
0%
KandySri Lanka
0%
TaoyuanTaiwan
0%
MwanzaTanzania
0%
SamsunTurkey
0%
WakefieldUnited Kingdom
0%
Can ThoVietnam
0%
HueVietnam
0%

Score Distribution

Percentile by Number Answered

Percent of People with Each Score

Your Score History

You have not taken this quiz